Practical security training

Practical Security Training is designed to help security departments develop effective security forces from the personnel screening and selection process to ensuring that proper ,cost-efficient training is conducted. Using the building block and progressive method approach allows security staff to b...

Täydet tiedot

Tallennettuna:
Bibliografiset tiedot
Päätekijä: Kane, Patrick
Aineistotyyppi: Kirja
Kieli:Undetermined
Julkaistu: Boston Butterworth-Heinemann 2000
Aiheet:
Tagit: Lisää tagi
Ei tageja, Lisää ensimmäinen tagi!
Thư viện lưu trữ: Trung tâm Học liệu Trường Đại học Cần Thơ
LEADER 01049nam a2200217Ia 4500
001 CTU_154616
008 210402s9999 xx 000 0 und d
020 |c 57.55 
082 |a 363.2890683 
082 |b K16 
100 |a Kane, Patrick 
245 0 |a Practical security training 
245 0 |c Patrick Kane 
260 |a Boston 
260 |b Butterworth-Heinemann 
260 |c 2000 
520 |a Practical Security Training is designed to help security departments develop effective security forces from the personnel screening and selection process to ensuring that proper ,cost-efficient training is conducted. Using the building block and progressive method approach allows security staff to become increasingly more effective and more confident. Flexible and practicle, these tools allow security practitioners to adapt them as needed in different environments 
650 |a Police, private,Private security services 
650 |x In-service training 
904 |i Bạch Trúc 
980 |a Trung tâm Học liệu Trường Đại học Cần Thơ